000 00607nam a22001097a 4500
008 160819b xxu||||| |||| 00| 0 eng d
010 _8CACAF:66B
245 _aCOURT OF APPEAL CIVIL APPEAL NO.001 OF 2011 Mubangizi Julius Vs Uganda Baati
_bDismissal
260 _aCourt of Appeal Kampala
500 _3(Arising from a ruling of Hon. Lady Justice Faith Mwondha in Miscellaneous Application No. 311 of 2009 delivered on 20th/11/2009 arising from Nakawa High Court Civil Suit No.37 of 2008)
500 _3Coram: Hon Mr Justice Remmy Kasule, JA Hon Mr Justice Rubby Aweri Opio, JA Hon Mr Justice Richard Buteera, JA
999 _c8491
_d8491